| 000 | 01049nam a22002057a 4500 | ||
|---|---|---|---|
| 999 |
_c1412 _d1412 |
||
| 003 | AR-CdUCM | ||
| 008 | 190227b ||||| |||| 00| 0 spa d | ||
| 040 |
_aMUNICIPALIDAD PROVINCIAL DEL CUSCO _cBIBLIOTECA MUNICIPAL DEL CUSCO |
||
| 082 |
_a985.6103 / _bAN61 |
||
| 100 |
_aAngles Vargas, Victor _93228 |
||
| 245 |
_aEl cacique Tambohuacso : _bhistoria de un proyectado levantamiento contra la dominación española / |
||
| 260 |
_aLima : _bIndustrialgrafica s.a, _c1975. |
||
| 300 |
_a176 páginas ; _c20.5 cm. |
||
| 505 | _aLa resistencia inicial de los nativos americanos contra el invasor -- Los nativos y la primera guerra independiente en el Perú -- Túpaj Amaru I y su actitud altiva frente a los españoles y a la muerte -- La provincia de Quispicanchi y los prolegómenos del levantamiento proyectado por Tambohuacso -- Cusco, ciudad donde se inmoló a los mártires ... | ||
| 650 |
_aIdelfonso Castillo _95366 |
||
| 650 |
_aBernardo Tambohuacso _95367 |
||
| 650 |
_aIndependencia _9625 |
||
| 942 |
_2ddc _cLIBROS |
||
| 945 |
_aafb _d2019-02-27 |
||